A fashionable history of Underwear

Bibliographic Details
Main Author: Reynolds, Helen
Corporate Authors: The underwear, Title
Format: Book
Published: London : David West Children's Books , 2003
Subjects:

MARC

LEADER 00000cam a2200000 7i4500
001 0000006702
005 20070817.0
008 070817
020 |a 0431183368 
090 0 0 |a 391.4209   |b REY 
100 1 |a Reynolds, Helen 
245 1 2 |a A fashionable history of Underwear   |c Helen Reynolds 
260 |a London :   |b David West Children's Books ,   |c 2003 
650 0 |a Fashion   |x History   |x Juvenile Literature 
650 0 |a Underwear   |x History   |x Juvenile literature 
710 1 |a The underwear 
710 1 |a Title 
999 |a 0000981712   |b Book   |c Adult Collection   |e Perbadanan Perpustakaan Awam Johor 
999 |a 0000981713   |b Book   |c Adult Collection   |e Perbadanan Perpustakaan Awam Johor 
999 |a 0000981714   |b Book   |c Adult Collection   |e Perbadanan Perpustakaan Awam Johor